Eastern Utah Libraries Catalog: Duchesne, Heber, Roosevelt, & Vernal

Victoria. (Record no. 306241)

MARC details
000 -LEADER
fixed length control field 02021cgm a22004338i 4500
005 - DATE AND TIME OF LATEST TRANSACTION
control field 20200320210557.0
007 - PHYSICAL DESCRIPTION FIXED FIELD--GENERAL INFORMATION
fixed length control field vd cvaizk
008 - FIXED-LENGTH DATA ELEMENTS--GENERAL INFORMATION
fixed length control field 180112s2018 480 g ## vleng d
024 1# - OTHER STANDARD IDENTIFIER
Standard number or code 841887035408 (videorecording)
Terms of availability [
-- 9.99]
040 ## - CATALOGING SOURCE
Original cataloging agency MMLLC
Language of cataloging eng
Description conventions rda
Transcribing agency MMLLC
082 04 - DEWEY DECIMAL CLASSIFICATION NUMBER
Classification number [Fic]
Edition number 23
245 00 - TITLE STATEMENT
Title Victoria.
Number of part/section of a work Season 2 /
Statement of responsibility, etc [PBS].
264 #2 - Production, Publication, Distribution, Manufacture, and Copyright Notice.
Place of production, publication, distribution, manufacture Old Saybrook, Connecticut :
Name of producer, publisher, distributor, manufacturer www.micromarketing.org
264 #1 - Production, Publication, Distribution, Manufacture, and Copyright Notice.
Place of production, publication, distribution, manufacture [New York, New York?] :
Name of producer, publisher, distributor, manufacturer [PBS],
Date of production, publication, distribution, manufacture, or copyr [2017]
300 ## - PHYSICAL DESCRIPTION
Extent 3 videodiscs (ca. 480 min.) :
Other physical details sd., col. ;
Dimensions 4 3/4 in.
336 ## - Content Type
Content type term two-dimensional moving image
337 ## - Media type
Media type term video
338 ## - Carrier type
Carrier type term videodisc
344 ## -
-- digital
-- optical
-- stereo
-- rda
346 ## -
-- NTSC
-- rda
347 ## -
-- video file
-- DVD video
-- region 1
-- rda
500 ## - GENERAL NOTE
General note Widescreen edition.
511 1# - PARTICIPANT OR PERFORMER NOTE
Participant or performer note Jenna Coleman.
520 ## - SUMMARY, ETC.
Summary, etc "Created and written by Daisy Goodwin, Victoria is a landmark account of the life of one of history's greatest monarchs. With an ensemble cast of award-winning talent, Victoria draws on real-life events and the Queen's own exhaustive diaries to paint a vivid portrait of her transformation from an impulsive 18-year-old to her early years as wife, mother, and head of a global empire."
521 8# - TARGET AUDIENCE NOTE
Target audience note Rating: [TBD].
538 ## - SYSTEM DETAILS NOTE
System details note DVD, color, widescreen, NTSC.
546 ## - LANGUAGE NOTE
Language note English audio.
588 ## -
-- Title and description based on researched data; resource not viewed.
600 00 - SUBJECT ADDED ENTRY--PERSONAL NAME
Personal name Victoria,
Titles and other words associated with a name Queen of Great Britain,
Dates associated with a name 1819-1901
Form subdivision Drama.
9 (RLIN) 5718850
655 #7 - INDEX TERM--GENRE/FORM
Genre/form data or focus term Biographical drama.
9 (RLIN) 5810201
655 #7 - INDEX TERM--GENRE/FORM
Genre/form data or focus term Television programs.
Source of term lcgft
9 (RLIN) 5962282
655 #7 - INDEX TERM--GENRE/FORM
Genre/form data or focus term Television series.
Source of term lcgft
9 (RLIN) 5674288
700 1# - ADDED ENTRY--PERSONAL NAME
Personal name Coleman, Jenna.
9 (RLIN) 5676011
710 ## - ADDED ENTRY--CORPORATE NAME
Corporate name or jurisdiction name as entry element Public Broadcasting Service (U.S.)
9 (RLIN) 27534
942 ## - ADDED ENTRY ELEMENTS (KOHA)
Koha item type DVD
948 ## - LOCAL PROCESSING INFORMATION (OCLC); SERIES PART DESIGNATOR (RLIN)
Series part designator, SPT (RLIN) 02/06/2018
z (OCLC) Sirsi
949 ## - LOCAL PROCESSING INFORMATION (OCLC)
n www.MicroMarketing.org 800-229-9887
996 ## -
-- 147843
-- 34301001541244
-- DVD
-- DVD
-- wcl
-- i
-- 26
-- 49.99
-- .CIRCNOTE. 3 discs
-- micro
-- Vic
-- 02/06/2018
-- 02/28/2020
-- 02/21/2020
Holdings
Withdrawn status Lost status Source of classification or shelving scheme Materials specified (bound volume or other part) Damaged status Not for loan Collection code Home library Current library Shelving location Date acquired Source of acquisition Cost, normal purchase price Total Checkouts Total Renewals Full call number Barcode Checked out Date last seen Date checked out Cost, replacement price Price effective from Koha item type
    Dewey Decimal Classification .CIRCNOTE. 3 discs     Television Series Wasatch County Library Wasatch County Library Audio Visual Area 02/06/2018   49.99 33 9 TV Series Victoria #2 34301001541244 04/26/2026 02/25/2026 02/25/2026 49.99 03/20/2020 DVD Series
This project was made possible through a grant from the Institute of Museum and Library Service administered by the Utah State Library Division.

Wasatch County Library

  • 465 East 1200 South, Heber City, Utah 84032
  • Phone 435-654-1511 | Fax 435-654-6456

Hours

  • Monday - Friday 9:30 AM - 8:00 PM
  • Saturday 9:30 AM - 1:30 PM
  • Closed Sundays and Holidays